000 00902nam a2200265Ia 4500
003 OSt
005 20220923211247.0
006 a|||||r|||| 00| 0
007 ta
008 Pun
020 _a9788178560461 (hbk)
_c250
024 _a319,522
037 _b775, 27/02/2017, H.K. Prakashan
_cTextual
040 _aARTS
_cARTS
_bPun
041 _2Pun
_aPun
082 _aO153,1J56,HR, Q7
100 _aਮਾਨ, ਗੁਰਦੇਵ ਸਿੰਘ, ਂਚ.
_9160080
245 0 _aਹੀਰ ਰਾਂਝਾ
260 _aਅੰਮ੍ਰਿਤਸਰ
_b ਵਾਰਿਸ Fਾਹ ਫਾਉ੍ਵਡੇFਨ
_c2017
300 _a192ਪ੍ਰ0
_ccm.
650 _a ਪੰਜਾਬੀ ਕਾਵਿ
650 _aਸ਼ਚਅਹ਼ਲਜ
942 _hO153,1J56,HR, Q7
_cTEXL
_2CC
999 _c297853
_d297853